[Event "Dyfed Major"]
[Site "Fishguard"]
[Date "2020.02.15"]
[Round "2.1"]
[White "Hurn, Robert AJ"]
[Black "Andrews, Norman"]
[Result "1-0"]
[WhiteElo "1697"]
[BlackElo "1606"]
[Annotator "kemen"]
[PlyCount "119"]
[EventDate "2020.??.??"]

{[%evp 67,67,214]} 1. d4 Nf6 2. c4 e6 3. Nc3 Bb4 4. e3 O-O 5. Bd3 d5 6. Nf3
dxc4 (6... c5) (6... b6) 7. Bxc4 c5 8. O-O cxd4 (8... Nbd7 {main}) 9. exd4 Qc7
(9... b6) (9... a6) (9... Nbd7) 10. Qb3 (10. Qe2 {main}) 10... Bxc3 11. bxc3
Nc6 12. Bd3 Na5 (12... e5 $11 {Komodo9 & Fritz15}) (12... h6 {main, Stockfish11
}) 13. Qc2 (13. Qd1 h6 14. Qe2 b6 15. Ba3 Rd8 16. Rfe1 Bb7 17. Ne5 $11 {
Martinez Hernandez-Benevant Espi, Cullera op 2007,1-0}) 13... h6 (13... b6 14.
Bb2 Bb7 15. Qe2 Ng4 16. Bxh7+ Kh8 17. Be4 $16 {Dest-Minarik, SVK ch tm 2018,0-1
}) 14. Ne5 Nd5 15. Bd2 $16 Nc6 16. f4 f5 17. Rf3 Nxe5 18. fxe5 Qe7 $18 {
Stockfish11- space advantage, better devekopment & K side attacking chances}
19. a3 (19. Rb1) (19. g4) 19... Bd7 20. c4 Rac8 21. Qb3 (21. Qb2 Nb6 22. Bb4
$18) 21... Bc6 (21... Qh4 22. Qb2 Nb6 23. Rc1 $16 {Stockfish11}) 22. Rf2 (22.
cxd5 Bxd5 23. Qb4 Qxb4 24. Bxb4 $18 {Stockfish11}) 22... Rfd8 (22... Nb6 23.
Raf1 $16 (23. Bb4 Qh4 24. d5 (24. Bxf8 Qxd4 25. Re1 Rxf8 $11) 24... exd5 25.
Bxf8 dxc4 26. Qa2 Rxf8 27. Bxf5 $16 {Stockfish11})) 23. cxd5 $18 Bxd5 24. Qb4
Qf7 25. Rc1 Rxc1+ 26. Bxc1 Rc8 27. Rc2 (27. Bd2) 27... Rxc2 28. Bxc2 Qc7 29.
Qd2 (29. Qc5) 29... Qc6 30. Bb2 a5 31. Bd3 b6 32. Bf1 (32. Qe2) (32. Qc2 {
Wh is simply a piece up, which must be winning in the end}) 32... g5 33. Qc3 (
33. h4) 33... Qb7 34. Bc1 Kf7 35. Kf2 Qe7 36. Qc8 (36. h4) 36... g4 37. g3 (37.
Qh8) 37... Kg7 38. Bb5 h5 39. Qd7 Qf7 40. Bg5 Qxd7 41. Bxd7 Bc4 42. Bd8 b5 43.
Bxa5 h4 44. Bd8 (44. gxh4) 44... h3 45. Ke3 {Wh infiltrates on the bl squares
& then picks up pawns} Kf7 46. Kd2 (46. Kf4 {looks preferable ( more pawns to
gain on the K side rather than the solitary one on b5)}) 46... f4 47. Bh4 f3
48. Ke3 Kg6 49. Be8+ (49. Bc6) (49. d5) 49... Kf5 50. Be7 (50. Bc6 {threatens
mate, so Bl must retreat}) 50... Be2 51. Bf7 Bc4 52. Be8 Be2 53. Bb4 (53. Bc6)
53... Bc4 54. Be1 Kg5 55. Bf2 Kf5 56. Kd2 Ke4 57. Bg6+ (57. Bc6+) 57... Kd5 58.
Bh5 Bf1 59. Bxg4 Bg2 60. Kc3 (60. Ke3) 1-0

[Event "Dyfed Major"]
[Site "Fishguard"]
[Date "2020.02.15"]
[Round "2.2"]
[White "Chadaway, Stephen"]
[Black "Hammett, Scott"]
[Result "0-1"]
[WhiteElo "1662"]
[BlackElo "1602"]
[Annotator "kemen"]
[PlyCount "70"]
[EventDate "2020.??.??"]

1. d4 f5 2. Nc3 Nf6 3. Bg5 e6 (3... d5 {main}) 4. Bxf6 (4. e4 {main}) (4. g4 $5
) 4... Qxf6 5. e3 (5. e4 {main}) 5... d5 (5... Bb4 {1-2}) 6. Bd3 c6 7. Qf3 (7.
f4 $14 {Stockfish11}) 7... Bd6 $15 8. Nh3 O-O 9. a3 (9. Qe2 e5 10. dxe5 Qxe5
11. O-O-O Nd7 $17 {Stockfish11}) 9... Bd7 (9... e5 $17 10. dxe5 Bxe5 11. O-O
Nd7 (11... Bxc3 12. bxc3 Qxc3 13. Qf4 Nd7 $17) 12. Rab1 Nc5 $17 {Stockfish11})
10. Qh5 Be8 (10... h6 $17) 11. Qg5 Nd7 (11... Qf7) 12. f4 (12. Qxf6 Rxf6 13. f4
$15 {Stockfish11- closes things down for Wh if a draw is wished for}) 12... h6
13. Qxf6 Nxf6 14. Nf2 Bh5 (14... g5) 15. Be2 Bxe2 16. Nxe2 c5 (16... g5 $15 {
gaining space on the K side}) 17. c3 (17. dxc5 Bxc5 18. Nd4 Rfe8 19. Nd3 Bd6
20. O-O $11 {Stockfish11}) 17... c4 18. h3 b5 19. Kd2 a5 20. Rhb1 (20. g4 {
Wh needs to try & get some play rather than just waiting to see what comes})
20... Rf7 21. Ra2 a4 (21... g5 $19 {Stockfish11}) 22. Ng1 Kh7 {cautious} (22...
g5 $19) 23. Nf3 Nh5 (23... Ne4+ $19) 24. Ne5 Bxe5 25. dxe5 Ng3 (25... g5 $1 {
still strongest}) 26. Nh1 {if this is Wh's best, then things have gone
completely wrong a while back} Ne4+ 27. Ke2 Nc5 (27... g5 {still looks
indicated}) 28. Nf2 Nb3 (28... g5 $19) 29. h4 Kg8 30. Nh3 Kf8 31. Rd1 Ke7 32.
Ng1 Rg8 (32... g5 $19) 33. Nf3 g6 34. Rh1 Rfg7 $17 35. Rh2 Nc1+ 0-1

[Event "Dyfed Major"]
[Site "Fishguard"]
[Date "2020.02.15"]
[Round "2.3"]
[White "Jones, Jonathan"]
[Black "Alexander, Ken"]
[Result "0-1"]
[WhiteElo "1537"]
[BlackElo "1622"]
[Annotator "kemen"]
[PlyCount "67"]
[EventDate "2020.??.??"]

{[%evp 0,67,30,32,103,-6,130,76,61,64,73,53,82,77,53,49,52,25,14,-26,-26,-56,
-26,-64,-53,-37,-49,-53,-37,-59,-44,-41,-20,-113,-78,-97,2,-38,-36,-30,-30,
-142,-142,-213,-202,-207,-140,-134,-142,-192,-217,-218,-235,-271,-263,-248,
-228,-195,-169,-266,-266,-282,-261,-324,-223,-180,-170,-299,-277,-1359]} 1. d4
c5 2. d5 f5 {Clarendon Court var} 3. Bg5 (3. c4) (3. Nc3) 3... Qb6 4. Nc3 Nf6 (
4... Qxb2) (4... h6) 5. Bxf6 (5. Rb1 {main, eg} h6 6. Bf4 (6. Bxf6 Qxf6 {main})
6... d6 7. e3 g6 8. Bd3 Bg7 9. Nf3 O-O 10. O-O g5 11. Bg3 Qd8 12. Nd2 Na6 {
Cox-R Van Kemenade,Coventry op 2005,1-0}) 5... Qxf6 6. Nf3 g6 7. e3 Bg7 (7...
d6 {Cloud Engines} 8. Bb5+ Nd7 9. a4 Bg7 10. O-O O-O 11. e4 f4 12. Bxd7 Bxd7
13. e5 dxe5 14. Ne4 Qb6 15. d6 Bc6 16. Nfg5 Bf6 17. Qg4 Bxe4 18. Qe6+ Kg7 19.
Nxe4 exd6 20. Nxd6 Rad8 21. Rad1 Qc6 {Johansen-Svendsen, NOR ch tm 1999,0-1})
8. Rb1 (8. d6 {Stockfish11}) 8... O-O 9. d6 e6 $15 10. Nb5 Na6 (10... Nc6 $17 {
Stockfish11}) 11. g3 b6 12. Bg2 Bb7 $11 13. a3 (13. O-O $11) 13... Bc6 14. Qd3
e5 15. Qc4+ Kh8 16. Nc3 (16. O-O e4 17. Nd2 Bxb5 18. Qxb5 Nb8 19. Rfd1 Nc6 $15
{Stockfish11}) 16... Nb8 (16... e4 17. Nd2 Nb8 $17 {Stockfish11}) 17. Rd1 (17.
h4 $5) 17... Re8 (17... e4 $17) 18. Nd5 (18. e4 $16 {Stockfish11}) 18... Bxd5
19. Qxd5 Nc6 20. O-O (20. e4 $11) 20... e4 $19 21. Ne1 Qxb2 22. g4 Qe5 (22...
Rf8) (22... Qf6) 23. gxf5 gxf5 24. Qf7 Qe6 25. Qh5 Qg6 26. Qe2 Re6 (26... Rg8
$19) (26... f4 $19) 27. Kh1 Rxd6 (27... Rg8 $19 {the K side attack is more
important than winning the stray pawn on d6}) 28. Rxd6 Qxd6 29. Bh3 Rf8 30. Qh5
Qg6 31. Qd1 Qf7 (31... Qh6 32. Bg2 Ne5 $19) 32. Ng2 d5 (32... Ne5) 33. Nh4 Ne7
34. Qf3 $2 0-1

[Event "Dyfed Major"]
[Site "Fishguard"]
[Date "2020.02.15"]
[Round "2.4"]
[White "Brewer, Joshua"]
[Black "Shepherd, Graham C"]
[Result "1-0"]
[WhiteElo "1493"]
[BlackElo "1686"]
[Annotator "kemen"]
[PlyCount "93"]
[EventDate "2020.??.??"]

{[%evp 0,93,19,31,25,-16,24,-40,-31,-31,-31,-57,-15,-57,-42,-42,-38,-32,-32,
-32,-12,-6,-13,1,20,11,22,0,22,-17,5,-8,0,8,18,-11,-5,-11,-15,-38,-35,-42,-43,
-46,-41,-41,-58,-49,-48,-45,-18,-42,-29,-46,-18,-15,-7,-16,-15,-24,-13,-11,-11,
-14,-8,0,14,12,87,47,129,135,142,147,330,420,298,376,1016,1016,1016,1016,1016,
1016,1016,1016,1016,1016,1016,1016,1022,1022,1022,1022,1032,1032]} 1. d4 Nf6 2.
c4 e5 3. e3 (3. dxe5) (3. d5 {main lines}) 3... Bb4+ (3... exd4 4. exd4 Bb4+)
4. Bd2 Bxd2+ 5. Qxd2 (5. Nxd2 {most frequent}) 5... exd4 6. exd4 O-O {37% for
Wh} 7. Nf3 d5 (7... Re8+) 8. cxd5 (8. Be2) (8. Nc3) 8... Nxd5 {main} (8... Ne4
9. Qf4 Qxd5 10. Bd3 Qa5+ 11. Nbd2 Nxd2 12. Qxd2 Re8+ 13. Ne5 Qxd2+ 14. Kxd2 Be6
{Reti-Schlechter, Baden 1914,1/2-1/2}) 9. Be2 Nc6 {1 Wh win, 2 Bl wins} (9...
Nd7 {3 draws, 1 Bl win}) 10. O-O Bg4 11. Nc3 $11 (11. h3 Bh5 12. Nc3 Nce7 13.
Qg5 Bxf3 14. Bxf3 c6 15. Rfe1 h6 16. Qd2 {Huneke-Himpenmacher, OWL ch U18,
Hiddenhausen 2005,1/2-1/2}) 11... a6 (11... Re8 {1 draw, 3 Bl wins}) (11...
Nce7 {1 Bl win}) 12. h3 Bh5 13. a3 Nce7 14. Ng5 Bxe2 15. Qxe2 Nf6 $11 (15...
Nf4 16. Qe4 Neg6 $11 {Stockfish11}) 16. Nf3 Re8 17. Rfd1 c6 (17... Ng6 $11) 18.
Qc4 Ned5 19. Nxd5 Qxd5 (19... Nxd5) 20. Qxd5 Nxd5 21. Re1 f6 (21... Nf4 $15)
22. Rxe8+ Rxe8 23. Re1 Rxe1+ 24. Nxe1 Kf7 (24... Nf4 $17) 25. Kf1 Ke6 26. Ke2
Ne7 27. Nc2 a5 28. Ne3 b5 (28... a4 $15) 29. Kd3 h5 30. g4 h4 (30... hxg4) 31.
Ke4 g5 32. f3 Ng6 (32... Nd5 $11) 33. d5+ cxd5+ 34. Nxd5 b4 {too ambitious in
what should be a drawn position} (34... Ne5 $11) 35. axb4 axb4 36. f4 $18 Nxf4
(36... Kd6 37. f5 Ne5 38. Nxf6 $18 {Stockfish11}) 37. Nxf4+ gxf4 38. Kxf4 $18
Kd5 39. Kf5 Kc4 {too slow} 40. Kxf6 Kb3 41. g5 Kxb2 42. g6 Kc1 43. g7 b3 44.
g8=Q b2 45. Qg5+ (45. Qc4+) 45... Kc2 46. Qxh4 b1=Q 47. Qh7+ 1-0

[Event "Dyfed Major"]
[Site "Fishguard"]
[Date "2020.02.15"]
[Round "2.5"]
[White "Parri, Deio"]
[Black "Osinga, Awne"]
[Result "1-0"]
[WhiteElo "1622"]
[BlackElo "1297"]
[Annotator "kemen"]
[PlyCount "85"]
[EventDate "2020.??.??"]

{[%evp 0,85,19,31,43,-16,-10,-11,-2,6,16,-3,20,6,30,27,57,52,63,59,43,54,96,87,
99,94,101,89,101,104,140,127,138,140,178,86,82,77,77,80,77,109,87,98,112,117,
117,61,73,73,90,83,84,75,66,72,142,140,212,235,233,256,257,251,275,280,323,262,
322,356,433,476,529,562,570,580,580,581,665,769,784,793,824,1017,2381,645,657,
671]} 1. d4 d5 2. c4 Nf6 3. Nc3 (3. cxd5 Nxd5 4. e4 {should give Wh an
advantage (80% in games), as the N must retreat, rather than being able to
gain time by swapping a N on c3(as in the Grunfeld)}) 3... e6 4. Nf3 Be7 5. e3
(5. Bg5 {Pillsbury in 1890's, posts the B more effectively outside the pawn
chain}) 5... O-O 6. Bd3 Nbd7 (6... dxc4 7. Bxc4 c5 {more active}) 7. O-O Re8 (
7... b6 {main}) 8. Qc2 Nf8 9. e4 dxe4 10. Nxe4 c6 (10... Nxe4 11. Bxe4 c6 {6-0}
) (10... Ng6 11. Rd1 b6 12. Ne5 Bb7 13. Nxg6 hxg6 14. Ng5 Nh7 15. Nxf7 Qxd4 16.
Bxg6 Qg4 17. f3 Bxf3 18. Bxh7+ Kxf7 19. Rf1 g6 20. Rxf3+ Kg7 21. Rg3 Bc5+ 22.
Kh1 Rf8 23. Bh6+ {Juhasz-Potari, HUN ch tm 2013,1-0}) 11. b3 {transposes to 8
games} (11. Bg5 {transposes to 15 games}) 11... a6 12. Bb2 Qc7 (12... Nxe4 13.
Bxe4 Bf6 14. Rad1) 13. Rad1 Nxe4 14. Bxe4 Bf6 15. Rfe1 Rb8 (15... Bd7 16. c5 {
Premnath-Kochrekar, Mumbai Mayor's Cup 2008,1-0}) 16. Ne5 (16. c5 $18 {
Stockfish11}) 16... Qe7 (16... Bxe5 17. dxe5 c5 18. h4 $16 {Stockfish11}) 17.
Bxc6 {Wh trades in too quickly for only a small material advantage.} (17. c5 g6
18. Nc4 Bg7 19. Bc1 Rd8 20. Bf4 $18) (17. Ng4 Bd7 18. g3 Qd8 19. Qc3 Rc8 20. c5
Be7 21. d5 Bf6 22. Nxf6+ Qxf6 23. Qd2 e5 24. d6 Qd8 25. Re3 $18) (17. f4 Bd7
18. Re3 Bh4 19. g3 Bf6 20. Qg2 Red8 21. Rf1 Be8 22. g4 $18 {all variations by
Stockfish11 where Bl gets slowly crushed}) 17... bxc6 18. Nxc6 Qc7 19. Nxb8
Qxb8 20. d5 $14 Bxb2 (20... Be7) 21. Qxb2 Rd8 (21... Bb7 22. d6 Bc6 23. b4 e5
24. Qb3 Qb7 25. f3 Qd7 26. Rd2 $14 {Stockfish11}) 22. dxe6 Bxe6 23. Rxd8 (23.
Qa3) 23... Qxd8 24. Qe2 Qc7 (24... h6) 25. Rd1 Nd7 26. Qd2 (26. b4 {starts
mobilizing the pawn majority}) 26... g6 27. Qd6 Qb7 28. c5 $18 Qc8 29. c6 Nb6
30. c7 Nd7 31. b4 (31. Rd4) 31... Kg7 32. a4 Qb7 33. Rc1 (33. Qd4+ Nf6 34. Qc3)
33... Qc8 34. h3 (34. b5) 34... Kh6 35. b5 axb5 36. axb5 Kg7 37. b6 Nxb6 38.
Qxb6 Qa8 39. Qd4+ (39. Re1 Qc8 40. Rxe6 fxe6 41. Qb8 {quickest}) 39... Kh6 40.
Qf4+ Kg7 41. Qe5+ Kg8 42. Qxe6 (42. Rd1) 42... fxe6 43. c8=Q+ 1-0

[Event "Dyfed Major"]
[Site "Fishguard"]
[Date "2020.02.15"]
[Round "2.6"]
[White "Paffard, Mark"]
[Black "Baron, Margaret"]
[Result "1-0"]
[WhiteElo "1603"]
[BlackElo "850"]
[Annotator "kemen"]
[PlyCount "43"]
[EventDate "2020.??.??"]

{[%evp 0,43,19,21,37,22,75,6,7,-1,147,109,128,137,142,107,204,188,366,381,567,
335,301,312,579,600,587,585,587,587,562,562,836,756,756,667,724,722,979,987,
1525,2014,29997,29998,29999,-30000]} 1. e4 e6 2. d4 c5 3. c3 (3. Nf3) (3. d5)
3... Nc6 (3... d5 {back to a French with various Nc3 lines not available for Wh
}) 4. Nf3 Nge7 {uncommon; 2.5-1.5} (4... d5) 5. dxc5 d5 (5... e5 6. Be3 Ng6 7.
Bc4 d6 8. Ng5 Be6 9. Bxe6 fxe6 10. Nxe6 Qa5 11. cxd6 Kd7 12. Nc5+ Ke8 13. d7+
Ke7 14. Bg5+ {Avtsynov-Zakharov,Voronezh op 2008,1-0}) 6. cxd6 $18 Ng6 7. e5 {
this works , but it shouldn't} (7. Be3 Qxd6 8. Qxd6 Bxd6 9. Nbd2 $18 {a pawn up
}) 7... f6 {a bit slow as the Wh Ns can now cause mayhem- Bl should just clear
up the 2 centre pawns} (7... Ngxe5 8. Nxe5 Nxe5 9. Bf4 Bxd6 10. Bb5+ Ke7 11.
O-O a6 12. Be2 Ng6 13. Bxd6+ Qxd6 14. Qb3 Qe5 15. Bf3 Rd8 16. Na3 Qc5 17. Rad1
Rxd1 18. Rxd1 Ra7 19. h3 $14 {Stockfish11}) 8. Na3 fxe5 (8... a6) 9. Nb5 Rb8 (
9... Kf7 10. Ng5+ Kg8 11. Nc7 Rb8 12. Ne4 $18 {Stockfish11, but better than
the text}) 10. Bg5 (10. Ng5 h6 11. Nc7+ Kd7 12. Ne4 Qh4 13. Nc5+ Kd8 14. g3 Qf6
15. Bh3 e4 16. N7xe6+ Bxe6 17. Nxe6+ Ke8 18. d7+ Kf7 19. Qd5 $18 {Stockfish11})
10... Qd7 11. Bc4 e4 (11... Kf7 12. Be3 Kg8 13. Ng5 Nd8 14. Bxa7 Ra8 15. Nc7
Rxa7 16. Ncxe6 Nxe6 17. Bxe6+ Qxe6 18. Nxe6 Bxe6 19. d7 Be7 20. d8=Q+ Bxd8 21.
Qxd8+ {Stockfish11}) 12. Nc7+ Kf7 13. Bxe6+ Qxe6 14. Nxe6 Bxe6 15. Nd4 (15. Nh4
) 15... Bxd6 (15... Nxd4 16. Qxd4 h6 17. Be3 Rd8 18. Qxe4 Bxd6 19. O-O $18 {
Stockfish11}) 16. Nxe6 (16. Nxc6 bxc6 17. Qxd6) 16... Kxe6 17. Qb3+ Kd7 18.
O-O-O Rhf8 19. Qd5 Nce5 20. Qxd6+ Ke8 21. Qe6+ Ne7 22. Qxe7# 1-0

[Event "Dyfed Major"]
[Site "Fishguard"]
[Date "2020.02.15"]
[Round "2.8"]
[White "Thacker, Steve"]
[Black "Gunn, Tom"]
[Result "0-1"]
[WhiteElo "1438"]
[BlackElo "1422"]
[Annotator "kemen"]
[PlyCount "97"]
[EventDate "2020.??.??"]

{[%evp 0,97,19,31,14,30,28,20,28,14,13,13,24,7,7,-7,-8,5,19,-8,-40,-28,-8,-126,
37,46,89,60,41,42,68,-40,-28,-26,-27,-24,-28,-24,-12,-16,-1,-36,20,-5,0,-26,0,
13,5,3,61,-1,34,65,61,63,111,56,94,67,641,630,702,131,154,139,141,-468,116,107,
110,117,125,-118,-118,-207,-212,-220,-216,-218,-224,-262,-261,-261,-267,-222,
-250,-278,-279,-285,-248,-275,-352,-605,-987,-1030,-940,-922,-982,-1117]} 1. d4
Nf6 2. Nf3 e6 3. a3 Be7 (3... d5) (3... b6) (3... c5) 4. e3 (4. c4 {main}) 4...
O-O 5. Bd3 d6 $146 {going for an Old Indian setup against a Colle, where Wh
has played a less useful a3} (5... d5 {transposes to main}) 6. Nbd2 Nbd7 7. e4
e5 8. c3 Re8 9. d5 (9. O-O Bf8 {Wh is better keeping the centre fluid, or,
alternatively, exchange on e5 & trying to get a N to d5 via c4 &e3}) 9... c6
$15 10. c4 Qc7 11. b4 a6 (11... cxd5 {Stockfish11} 12. cxd5 Qc3 13. Qc2 Qxc2
14. Bxc2 a5 $15 (14... Nb6 $15)) 12. Bb2 b5 13. Qb3 (13. dxc6 Qxc6 14. Qe2 Rb8
15. O-O $11 {Stockfish11}) 13... Bb7 14. Rc1 bxc4 15. Bxc4 cxd5 16. Bxa6 Qb6
17. Bxb7 Qxb7 18. exd5 Nxd5 $15 {Although Wh had 2 passed Q side pawns, they
are static & Bl has chances against them similar to a Benko. Also the Wh B is
passive because of those pawns} 19. O-O Rac8 (19... Nf4) 20. Nc4 (20. g3) 20...
N7f6 (20... Nf4 $17 {Stockfish11} 21. Rb1 (21. Qd1 Qa6 22. g3 (22. Ne3 Ne2+ 23.
Kh1 Nxc1) 22... Rxc4 23. Rxc4 Qxc4 24. gxf4 Qxf4 $19) 21... Nc5 22. Qd1 Ncd3
23. Ne3 Qe4 $17 {Stockfish11}) 21. h3 (21. g3 $11) 21... Bf8 (21... Nf4 $17 {
eyes the extra target at h3}) 22. Ne3 (22. g3) 22... Nxe3 {exchanging off a
potential attacker eases Wh's position} (22... Nf4 {looks better}) 23. Qxe3
Rxc1 24. Rxc1 Kh8 (24... Nh5 {aiming at f4}) 25. Nh4 Nd5 26. Qf3 (26. Qe4 Qb5
27. Nf5 $14 {Stockfish11}) 26... e4 $6 {loosens Bl's pawn sdtructure & enables
the Wh B to join the attack} (26... Rb8) 27. Qg3 (27. Qg4) 27... e3 $2 28. fxe3
(28. Nf5 $18 exf2+ 29. Qxf2 (29. Kxf2 f6 30. Qf3 Qf7 31. b5 $16) 29... Nc7 30.
h4 h5 31. Rf1 Ne6 32. Ng3 Kg8 33. Nxh5 $18 {Wh retains a powerful K side
attack, plus , when Bl is forced into exchanges to reduce the threat, the Wh Q
side pawns win the ending}) 28... Rxe3 29. Qg4 Qe7 $2 {inviting the N in} (
29... Re6 {the R is needed in defence of f6}) 30. Nf5 (30. Bxg7+ {
Stockfish11-is another way of forcing a win} Bxg7 31. Rc8+ Bf8 32. Nf5 Re1+ 33.
Kf2 {and Bl has to give up this Q}) 30... Re1+ (30... Nf6 31. Bxf6 Qxf6 32.
Nxe3 {is given by Stockfish11 as Bl's best}) 31. Rxe1 {lets the Bl Q (& K) off
the hook} (31. Kh2 $1 Nf6 (31... Re5 32. Rc8 g6 33. Nxe7 Nxe7 34. Rxf8+ Kg7 35.
Rd8 $18) 32. Bxf6 Qxf6 33. Rxe1 $18) 31... Qxe1+ 32. Kh2 f6 33. Nxd6 $2 {
both sides see that Bxd6, Qc8 mating, however the neat idea has a fatal flaw} (
33. Qf3 Qe6 34. Bd4 Nc7 35. a4 d5 36. b5 $18 {Stockfish11}) 33... Qe7 $2 (33...
Bxd6+ $19 {is check}) 34. Nf5 Qc7+ 35. Qg3 (35. Kh1 Qc2 36. Bd4 Qc1+ 37. Bg1
Qxa3 38. b5 $18 Qb4 39. Nd4 (39. Qxb4 Nxb4 40. b6 Na6 41. b7 $18) 39... Nc3 40.
b6 Qxb6 41. Ne6 Qb4 42. Nxf8 Qxg4 (42... Qxf8 43. Qc4 Nb1 44. Qb3 Na3 45. Bc5
Qc8 46. Qxa3 $18 {Stockfish11})) 35... Qc2 $11 36. Qb8 (36. Nxg7 Qxb2 37. Ne6
Qe2 38. Qb8 Qxe6 39. Qxf8+ Qg8 40. Qd6 Qg5 41. b5 $11 {Stockfish11}) (36. Nd6
Qxb2 37. Nf7+ Kg8 38. Nh6+ Kh8 39. Nf7+ $11 {Stockfish11}) (36. Qf3 Qxb2 37.
Qxd5 Qxa3 38. Nd6 h6 39. Nf7+ Kh7 40. Qe4+ Kg8 41. Qc4 Qxb4 42. Nxh6+ Kh7 43.
Qxb4 Bxb4 44. Nf5 $11 {Stockfish11}) 36... Kg8 $19 37. Bd4 (37. Be5 fxe5 38.
Qxe5 Qc6 $19 {Stockfish11}) 37... Qxf5 38. Bc5 Qe5+ 39. Qxe5 fxe5 40. Bxf8 Kxf8
$19 41. b5 Nb6 42. Kg3 Ke7 43. Kf3 Kd6 44. Ke4 Ke6 45. g4 g5 46. Kd3 Kd5 47.
Ke2 Ke4 (47... Kd4) 48. Kd2 Kf3 49. Kd3 0-1

[Event "Dyfed Major"]
[Site "Fishguard"]
[Date "2020.02.15"]
[Round "2.9"]
[White "Hollyman, Mike"]
[Black "Hunt, Ray"]
[Result "1-0"]
[WhiteElo "1301"]
[BlackElo "1518"]
[Annotator "kemen"]
[PlyCount "97"]
[EventDate "2020.??.??"]

{[%evp 0,97,44,27,19,8,28,29,25,15,28,29,29,28,28,25,15,1,48,9,71,42,73,67,110,
44,172,188,208,205,313,303,365,252,294,323,335,240,288,254,522,540,533,171,180,
181,416,134,190,166,186,191,220,220,354,264,351,321,350,264,255,255,255,255,
222,243,243,259,242,235,236,228,227,259,266,284,268,254,256,125,213,200,252,
265,389,287,320,319,511,558,640,662,658,556,584,643,668,711,702,745]} 1. d4 Nf6
2. Bf4 d5 3. e3 e6 (3... c5) 4. c3 Be7 (4... Bd6) 5. Nd2 Nbd7 6. Ngf3 O-O 7.
Bd3 c5 8. Ne5 g6 (8... Nxe5 {main}) 9. g4 (9. Bh6 {2-0}) (9. h4 Nh5 {2 draws})
9... Kg7 (9... Ne8 10. h4 f6 11. Nxd7 Bxd7 12. g5 cxd4 13. cxd4 Ng7 14. gxf6
Bxf6 15. h5 Nxh5 (15... g5) 16. Rxh5 gxh5 17. Qxh5 Qe7 (17... Rf7 18. Ke2 Qb6
$14) 18. O-O-O (18. Ke2 Be8 19. Rg1+ Kh8 20. Qh6 $18) 18... Be8 19. Rg1+ Kh8
20. Qh6 Rc8+ 21. Kb1 Rg8 $14 {Ghane Gardeh-Minaeifard, IRI ch 1996,1/2-1/2})
10. h4 cxd4 11. exd4 Ne8 (11... Nxe5 12. Bxe5 Kg8 13. h5 Nd7 14. Qc2 Nxe5 15.
dxe5 Kg7 16. O-O-O $18 {Stockfish11}) 12. Ndf3 $18 (12. g5 $18) (12. Qe2 $18)
12... a6 13. Qd2 Kg8 14. h5 Ndf6 15. hxg6 fxg6 16. Bxg6 $18 (16. Ng5 $18) (16.
Nxg6 $18) 16... hxg6 17. Nxg6 Nh7 18. Nxf8 (18. Nfe5 {even stronger}) 18...
Bxf8 19. Qd3 (19. Be5) (19. O-O-O) 19... Qe7 20. Qg6+ (20. g5) 20... Qg7 21.
Ne5 (21. Qxe8) (21. Qd3) 21... Qxg6 22. Nxg6 Bg7 (22... Bd6) 23. O-O-O (23.
Ne7+ Kf7 24. Nxc8 Rxc8 25. Rxh7) 23... Nhf6 24. f3 (24. g5) 24... b5 25. Rh2
Ra7 26. Rdh1 b4 27. cxb4 (27. g5) 27... a5 28. bxa5 Ba6 29. g5 (29. b4) (29.
Bh6) 29... Nd7 30. Ne7+ Kf7 31. Nc6 Ra8 32. Ne5+ (32. a4) 32... Nxe5 33. Bxe5
Bd3 34. Bxg7 Nxg7 35. Kd2 Bg6 36. b4 Nf5 37. Rh8 Ra7 38. Rc1 Nxd4 39. Ke3 (39.
Rhc8) 39... Nf5+ (39... Nc2+ {is a little better} 40. Kd2 Nxb4 41. Rcc8 d4 42.
Ra8 Rxa8 43. Rxa8 Bh5 44. a3 Nd5 45. Kd3 Bxf3 46. Kxd4 $18 {Stockfish11}) 40.
Kf4 (40. Kf2) 40... Nd4 41. Rcc8 Nf5 42. Rhf8+ Ke7 43. Rf6 Bh5 44. Rh8 Bf7 45.
Rh7 Nd6 46. Ke5 (46. Rfxf7+ Nxf7 47. g6) 46... Nc4+ 47. Kd4 Nd6 48. Rfxf7+ Nxf7
49. g6 1-0